00390nam a2200109Ia 4500008004100000082000800041100001700049245009800066942000600164952009500170999001500265240331s9999 xx 000 0 und d bPER aPerera, L. S 4aThe Institutions of Ancient Ceylon from inscriptions :bfrom 3 century BC to 830 AD- Volume I cL 001040708LaWERCLbWERCLcSSCd2024-03-31l0o 954 PERp4540r2024-03-31w2024-03-31yL c3540d3540